[Event "BL 1920 (Women)"]
[Site "Germany"]
[Date "2021.09.04"]
[Round "10.1"]
[White "Ratay, Meike"]
[Black "Lubbe, Melanie"]
[Result "0-1"]
[WhiteElo "2032"]
[BlackElo "2264"]
[PlyCount "68"]
[EventDate "2019.09.14"]
[EventType "team-tourn"]
[EventRounds "11"]
[EventCountry "GER"]
[SourceTitle "EXT 2022"]
[Source "ChessBase"]
[SourceDate "2021.10.06"]
[SourceVersion "1"]
[SourceVersionDate "2021.10.06"]
[SourceQuality "1"]
[WhiteTeam "Erfurt Medizin (W)"]
[BlackTeam "Rodewisch (W)"]
[WhiteTeamCountry "GER"]
[BlackTeamCountry "GER"]

1. e4 c5 2. Nf3 d6 3. d4 cxd4 4. Nxd4 Nf6 5. Nc3 a6 6. Be2 e6 7. 0-0 Be7 8. Be3 0-0 9. f3 b5 10. Qd2 Qc7 11. a4 b4 12. Na2 d5 13. e5 Qxe5 14. Bf4 Qh5 15. g4 Qh3 16. Nxb4 Nfd7 17. Nd3 Qh4 18. Ne5 Nxe5 19. Bxe5 Nd7 20. Bg3 Qf6 21. b4 a5 22. Nc6 axb4 23. Nxe7+ Qxe7 24. Rfb1 Ba6 25. Bxa6 Rxa6 26. Qxb4 Qf6 27. Qb7 Nc5 28. Qb5 Qc3 29. Be1 Qxf3 30. Qxc5 Qxg4+ 31. Kh1 Raa8 32. Qb4 Qf5 33. Bc3 Rac8 34. Ra3 Rc4 0-1

[Event "BL 1920 (Women)"]
[Site "Germany"]
[Date "2020.02.15"]
[Round "7.1"]
[White "Michna, Marta"]
[Black "Ratay, Meike"]
[Result "1-0"]
[WhiteElo "2362"]
[BlackElo "2032"]
[PlyCount "77"]
[EventDate "2019.09.14"]
[EventType "team-tourn"]
[EventRounds "11"]
[EventCountry "GER"]
[SourceTitle "CBM 195 Extra"]
[Source "ChessBase"]
[SourceDate "2020.05.31"]
[SourceVersion "1"]
[SourceVersionDate "2020.05.31"]
[SourceQuality "1"]
[WhiteTeam "Deizisau (W)"]
[BlackTeam "Erfurt Medizin (W)"]
[WhiteTeamCountry "GER"]
[BlackTeamCountry "GER"]

1. d4 Nf6 2. c3 d5 3. Bf4 e6 4. e3 Bd6 5. Nd2 0-0 6. Bd3 c5 7. Bg3 Nc6 8. Ngf3 b6 9. Ne5 Bb7 10. 0-0 Qc7 11. f4 Ne7 12. Qf3 Nf5 13. Bf2 Be7 14. Rad1 Nd6 15. Qh3 Nfe4 16. dxc5 bxc5 17. c4 Rad8 18. b3 Bf6 19. Ng4 Bc3 20. Nf3 f5 21. Nge5 Nxf2 22. Rxf2 Rf6 23. cxd5 Bxd5 24. Rc2 Bb4 25. g3 Bxf3 26. Nxf3 Ne4 27. Qf1 Nc3 28. Rdc1 Nd5 29. Qe2 Qb6 30. Ne5 Qb7 31. e4 Nb6 32. exf5 exf5 33. Bc4+ Nxc4 34. Nxc4 Qa6 35. Rd1 Rxd1+ 36. Qxd1 Rf8 37. Qd5+ Kh8 38. a3 Bxa3 39. Ra2 1-0

[Event "BL 1920 (Women)"]
[Site "Germany"]
[Date "2020.02.02"]
[Round "6.1"]
[White "Muetsch, Annmarie"]
[Black "Ratay, Meike"]
[Result "0-1"]
[WhiteElo "2250"]
[BlackElo "2032"]
[PlyCount "82"]
[EventDate "2019.09.14"]
[EventType "team-tourn"]
[EventRounds "11"]
[EventCountry "GER"]
[SourceTitle "CBM 195 Extra"]
[Source "ChessBase"]
[SourceDate "2020.05.31"]
[SourceVersion "1"]
[SourceVersionDate "2020.05.31"]
[SourceQuality "1"]
[WhiteTeam "Karlsruhe (W)"]
[BlackTeam "Erfurt Medizin (W)"]
[WhiteTeamCountry "GER"]
[BlackTeamCountry "GER"]

1. e4 c5 2. Nf3 d6 3. Bb5+ Nd7 4. 0-0 a6 5. Bd3 Ngf6 6. Re1 g6 7. c3 Bg7 8. Bc2 0-0 9. d4 cxd4 10. cxd4 b5 11. Nc3 Bb7 12. a3 Rc8 13. h3 Nb6 14. Qe2 Qc7 15. Bd3 Nc4 16. a4 b4 17. Nd1 a5 18. Bg5 Nb6 19. b3 e5 20. Rc1 Qb8 21. dxe5 dxe5 22. Rxc8 Rxc8 23. Bxf6 Bxf6 24. Ba6 Nd7 25. Ne3 Nc5 26. Bxb7 Qxb7 27. Nd5 Bg7 28. Rc1 Bf8 29. Nxe5 Nxb3 30. Rd1 Nc5 31. Nc4 Qa6 32. Ndb6 Rc6 33. Qg4 Rxb6 34. Nxb6 Qxb6 35. e5 Nxa4 36. Qf3 Nc3 37. Rd7 Qe6 38. Ra7 a4 39. Ra8 Qxe5 40. Qb7 Qd6 41. Ra7 Ne2+ 0-1

[Event "GER-chT Lands U20"]
[Site "Wuerzburg"]
[Date "2019.10.06"]
[Round "7.8"]
[White "Maetzkow, Maximilian Paul"]
[Black "Ratay, Meike"]
[Result "1-0"]
[WhiteElo "2287"]
[BlackElo "2032"]
[PlyCount "73"]
[EventDate "2019.10.01"]
[EventType "team-swiss"]
[EventRounds "7"]
[EventCountry "GER"]
[SourceTitle "EXT 2020"]
[Source "ChessBase"]
[SourceDate "2019.10.17"]
[SourceVersion "1"]
[SourceVersionDate "2019.10.17"]
[SourceQuality "1"]
[WhiteTeam "Brandenburg/Berlin"]
[BlackTeam "Thueringen"]
[WhiteTeamCountry "GER"]
[BlackTeamCountry "GER"]

1. e4 c5 2. Nf3 d6 3. Bb5+ Nd7 4. Ba4 Ngf6 5. 0-0 e6 6. d4 cxd4 7. Qxd4 Be7 8. c4 0-0 9. Nc3 Nc5 10. Bc2 Qb6 11. Rd1 Rd8 12. Rb1 a5 13. Be3 Ng4 14. Bg5 Bxg5 15. Nxg5 Ne5 16. f4 Nc6 17. Qf2 Nb4 18. Kh1 Nxc2 19. Qxc2 h6 20. Nf3 Bd7 21. Rd2 Be8 22. Rbd1 Rac8 23. f5 Qb4 24. Rd4 Na4 25. Nxa4 Bxa4 26. b3 Bc6 27. c5 Qb5 28. fxe6 Be8 29. Qd2 Rxc5 30. exf7+ Bxf7 31. Rxd6 Rxd6 32. Qxd6 Bh5 33. Nd4 Qb4 34. Rf1 Rc3 35. Qd5+ Kh7 36. Ne6 Bg6 37. Qd7 1-0

[Event "GER-chT Lands U20"]
[Site "Wuerzburg"]
[Date "2019.10.04"]
[Round "4.7"]
[White "Holinka, Henning"]
[Black "Ratay, Meike"]
[Result "1-0"]
[WhiteElo "2101"]
[BlackElo "2032"]
[PlyCount "63"]
[EventDate "2019.10.01"]
[EventType "team-swiss"]
[EventRounds "7"]
[EventCountry "GER"]
[SourceTitle "EXT 2020"]
[Source "ChessBase"]
[SourceDate "2019.10.17"]
[SourceVersion "1"]
[SourceVersionDate "2019.10.17"]
[SourceQuality "1"]
[WhiteTeam "Hamburg/Schleswig Holstein"]
[BlackTeam "Thueringen"]
[WhiteTeamCountry "GER"]
[BlackTeamCountry "GER"]

1. e4 c5 2. Nf3 d6 3. d4 Nf6 4. Nc3 cxd4 5. Nxd4 a6 6. Bg5 e6 7. f4 Nbd7 8. Qe2 Qc7 9. 0-0-0 b5 10. a3 Bb7 11. g4 Rc8 12. Rg1 h6 13. Bh4 Nb6 14. Rg3 Be7 15. Rh3 Nc4 16. Be1 Qb6 17. g5 Nd7 18. g6 b4 19. gxf7+ Kxf7 20. axb4 Qxb4 21. Nb3 Bf6 22. e5 Be7 23. Rg3 g6 24. Nd5 Qa4 25. Nxe7 Qa2 26. Bc3 Kxe7 27. Rxg6 d5 28. Rxe6+ Kxe6 29. Qg4+ Ke7 30. Qg7+ Kd8 31. Qxh8+ Kc7 32. Qg7 1-0

[Event "GER-chT Lands U20"]
[Site "Wuerzburg"]
[Date "2019.10.04"]
[Round "5.6"]
[White "Ratay, Meike"]
[Black "Karsay, Pascal"]
[Result "0-1"]
[WhiteElo "2032"]
[BlackElo "2276"]
[PlyCount "68"]
[EventDate "2019.10.01"]
[EventType "team-swiss"]
[EventRounds "7"]
[EventCountry "GER"]
[SourceTitle "EXT 2020"]
[Source "ChessBase"]
[SourceDate "2019.10.17"]
[SourceVersion "1"]
[SourceVersionDate "2019.10.17"]
[SourceQuality "1"]
[WhiteTeam "Thueringen"]
[BlackTeam "Rheinland Pfalz"]
[WhiteTeamCountry "GER"]
[BlackTeamCountry "GER"]

1. e4 e5 2. Nf3 Nc6 3. Bb5 a6 4. Bxc6 dxc6 5. 0-0 Bg4 6. h3 h5 7. d3 Qf6 8. Nbd2 g5 9. Re1 Be6 10. d4 g4 11. Nxe5 0-0-0 12. c3 gxh3 13. Qf3 hxg2 14. Qxf6 Nxf6 15. Kxg2 Bd6 16. Ndc4 Rdg8+ 17. Kf3 h4 18. Bf4 h3 19. Nxd6+ cxd6 20. Nd3 d5 21. e5 Nh5 22. Bh2 Rg2 23. Rh1 Bf5 24. Nc5 Ng7 25. Rag1 b6 26. Nxa6 Rh4 27. Nb4 c5 28. dxc5 bxc5 29. Nc6 Bg4+ 30. Ke3 Nf5+ 31. Kd3 Rxf2 32. c4 Be2+ 33. Kc3 Rxc4+ 34. Kb3 Rf3# 0-1

[Event "GER-ch U18 Girls"]
[Site "Willingen"]
[Date "2019.06.13"]
[Round "7"]
[White "Ratay, Meike"]
[Black "Arnhold, Steffi"]
[Result "0-1"]
[WhiteElo "1991"]
[BlackElo "1996"]
[PlyCount "80"]
[EventDate "2019.06.08"]
[EventType "swiss"]
[EventRounds "9"]
[EventCountry "GER"]
[SourceTitle "CBM 191 Extra"]
[Source "ChessBase"]
[SourceDate "2019.09.30"]
[SourceVersion "1"]
[SourceVersionDate "2019.09.30"]
[SourceQuality "1"]

1. e4 c5 2. Nf3 Nc6 3. d4 cxd4 4. Nxd4 Qb6 5. Nb3 Nf6 6. Nc3 e6 7. Be3 Qc7 8. a3 a6 9. Be2 Be7 10. 0-0 b5 11. f4 d6 12. Bf3 Bb7 13. Qe2 0-0 14. Qf2 Rac8 15. Rac1 Qb8 16. Rfd1 Rfd8 17. a4 b4 18. Ne2 Bf8 19. c3 bxc3 20. Nxc3 Qa8 21. a5 Nb4 22. Bb6 Rd7 23. e5 Bxf3 24. gxf3 Nfd5 25. Nxd5 Nxd5 26. Be3 Rb7 27. Rxc8 Qxc8 28. Rd3 Qc4 29. Nc1 dxe5 30. b3 Qb5 31. fxe5 Qxa5 32. Kh1 Qa1 33. f4 Rc7 34. Rd1 Qb1 35. Qf3 Rc3 36. Nd3 Qxb3 37. Bd4 Rc4 38. f5 Rxd4 39. fxe6 Nf4 40. exf7+ Qxf7 0-1

[Event "BL2 Ost 1819 (Women)"]
[Site "Germany"]
[Date "2019.01.13"]
[Round "7.1"]
[White "Ratay, Meike"]
[Black "Cyfka, Karina"]
[Result "0-1"]
[WhiteElo "2018"]
[BlackElo "2426"]
[PlyCount "52"]
[EventDate "2018.10.27"]
[EventType "team-tourn"]
[EventRounds "7"]
[EventCountry "GER"]
[SourceTitle "CBM 190 Extra"]
[Source "ChessBase"]
[SourceDate "2019.07.15"]
[SourceVersion "1"]
[SourceVersionDate "2019.07.15"]
[SourceQuality "1"]
[WhiteTeam "Saalfeld (W)"]
[BlackTeam "Leipzig Blauweiss Allianz (W)"]
[WhiteTeamCountry "GER"]
[BlackTeamCountry "GER"]

1. e4 e5 2. Nf3 Nc6 3. Bb5 a6 4. Bxc6 dxc6 5. 0-0 Bg4 6. h3 h5 7. d3 Qf6 8. Nbd2 g5 9. Re1 Be6 10. d4 g4 11. Nxe5 0-0-0 12. Nf1 gxh3 13. gxh3 Bxh3 14. Qf3 Qg7+ 15. Kh1 Be6 16. c3 Ne7 17. Ne3 Rg8 18. Bd2 Qg5 19. Qg2 Qh4+ 20. Qh2 Qxe4+ 21. f3 Qh7 22. Rg1 Rxg1+ 23. Rxg1 f6 24. N5g4 Nd5 25. Rf1 Bd6 26. Qh4 Qd3 0-1

[Event "GER-chT U20"]
[Site "Osnabrueck"]
[Date "2018.12.27"]
[Round "2.3"]
[White "Kroo, Julian"]
[Black "Ratay, Meike"]
[Result "1/2-1/2"]
[WhiteElo "1827"]
[BlackElo "2037"]
[PlyCount "96"]
[EventDate "2018.12.27"]
[EventType "team-swiss"]
[EventRounds "7"]
[EventCountry "GER"]
[SourceTitle "CBM 188 Extra"]
[Source "ChessBase"]
[SourceDate "2019.02.26"]
[SourceVersion "1"]
[SourceVersionDate "2019.02.26"]
[SourceQuality "1"]
[WhiteTeam "Halver Schalksmuehle"]
[BlackTeam "Saalfeld"]
[WhiteTeamCountry "GER"]
[BlackTeamCountry "GER"]

1. d4 Nf6 2. Nf3 e6 3. c4 b6 4. g3 Ba6 5. Nbd2 Be7 6. Bg2 0-0 7. 0-0 d5 8. Qc2 c6 9. b3 Nbd7 10. Bb2 Rc8 11. e4 dxe4 12. Ng5 Qc7 13. Rfe1 h6 14. Ngxe4 Nxe4 15. Nxe4 Nf6 16. Qd2 Nxe4 17. Rxe4 Bf6 18. Rae1 Rfd8 19. Qc3 c5 20. Qe3 Bb7 21. Rg4 h5 22. Rf4 Bxg2 23. Rxf6 gxf6 24. d5 e5 25. Kxg2 Kg7 26. Qf3 Rh8 27. Re4 Qd7 28. h3 Rh7 29. g4 Rh6 30. gxh5 Rg8 31. Rg4+ Kf8 32. Rxg8+ Kxg8 33. Bc1 Rh7 34. h6 Qd6 35. Qf5 Qd8 36. Be3 Kh8 37. Kf1 Kg8 38. f4 Rxh6 39. fxe5 Rg6 40. e6 Qe8 41. h4 fxe6 42. dxe6 Rg3 43. Bf4 Qg6 44. Qxg6+ Rxg6 45. Kf2 Kf8 46. h5 Rg8 47. Bd6+ Ke8 48. Kf3 Rg5 1/2-1/2

[Event "BL2 Ost 1819 (Women)"]
[Site "Germany"]
[Date "2018.10.27"]
[Round "1.1"]
[White "Ratay, Meike"]
[Black "Beltz, Franziska"]
[Result "1/2-1/2"]
[WhiteElo "1887"]
[BlackElo "2058"]
[PlyCount "82"]
[EventDate "2018.10.27"]
[EventType "team-tourn"]
[EventRounds "7"]
[EventCountry "GER"]
[SourceTitle "CBM 190 Extra"]
[Source "ChessBase"]
[SourceDate "2019.07.15"]
[SourceVersion "1"]
[SourceVersionDate "2019.07.15"]
[SourceQuality "1"]
[WhiteTeam "Saalfeld (W)"]
[BlackTeam "Leipzig SG (W)"]
[WhiteTeamCountry "GER"]
[BlackTeamCountry "GER"]

1. e4 c5 2. Nf3 d6 3. d4 cxd4 4. Nxd4 Nf6 5. Nc3 a6 6. Be2 e6 7. 0-0 Nbd7 8. f4 b5 9. a3 Bb7 10. Bf3 Qc7 11. Qe2 Rc8 12. Kh1 Be7 13. Bd2 Qc4 14. Qf2 0-0 15. Rae1 Rfd8 16. g4 d5 17. e5 Ne4 18. Bxe4 dxe4 19. Be3 Bxa3 20. Ncxb5 axb5 21. bxa3 Ra8 22. Rb1 Bc6 23. Rb4 Qd5 24. Rfb1 Rxa3 25. Nxb5 Bxb5 26. Rxb5 Qc6 27. R5b3 Ra2 28. R3b2 Rxb2 29. Rxb2 Nc5 30. Rb4 Na4 31. Qe2 Nc3 32. Qc4 Qxc4 33. Rxc4 Nd5 34. Rxe4 Rc8 35. c4 Nxe3 36. Rxe3 Rxc4 37. Rf3 Rc2 38. Kg1 f6 39. Rf2 Rc4 40. exf6 gxf6 41. Kg2 Kf7 1/2-1/2

[Event "Youth District Germany"]
[Site "Wuerzburg"]
[Date "2018.10.05"]
[Round "4.5"]
[White "Ratay, Meike"]
[Black "Bui, Ngoc Han Julia"]
[Result "1/2-1/2"]
[WhiteElo "1887"]
[BlackElo "1876"]
[PlyCount "54"]
[EventDate "2018.10.02"]
[EventType "team-swiss"]
[EventRounds "7"]
[EventCountry "GER"]
[SourceTitle "CBM 186 Extra"]
[Source "ChessBase"]
[SourceDate "2018.08.24"]
[SourceVersion "1"]
[SourceVersionDate "2018.08.24"]
[SourceQuality "1"]
[WhiteTeam "Thueringen U20"]
[BlackTeam "Sachsen U20 II"]
[WhiteTeamCountry "GER"]
[BlackTeamCountry "GER"]

1. e4 c5 2. Nf3 d6 3. d4 cxd4 4. Nxd4 Nf6 5. Nc3 a6 6. Be3 e6 7. f3 b5 8. Qd2 Nbd7 9. g4 Nb6 10. a4 bxa4 11. Nxa4 Nxa4 12. Rxa4 Bb7 13. Be2 d5 14. g5 Nd7 15. exd5 Bxd5 16. Rxa6 Rb8 17. Bb5 Rxb5 18. Nxb5 Ne5 19. Kf2 Ng4+ 20. Kg2 Be7 21. h4 h6 22. c4 Nxe3+ 23. Qxe3 Bb7 24. Ra7 Qb8 25. g6 0-0 26. Rh3 e5 27. Kf1 Qc8 1/2-1/2

[Event "Youth District Germany"]
[Site "Wuerzburg"]
[Date "2018.10.04"]
[Round "3.5"]
[White "Ley, Sabrina"]
[Black "Ratay, Meike"]
[Result "0-1"]
[WhiteElo "1902"]
[BlackElo "1887"]
[PlyCount "52"]
[EventDate "2018.10.02"]
[EventType "team-swiss"]
[EventRounds "7"]
[EventCountry "GER"]
[SourceTitle "CBM 186 Extra"]
[Source "ChessBase"]
[SourceDate "2018.08.24"]
[SourceVersion "1"]
[SourceVersionDate "2018.08.24"]
[SourceQuality "1"]
[WhiteTeam "Rheinland Pfalz U20"]
[BlackTeam "Thueringen U20"]
[WhiteTeamCountry "GER"]
[BlackTeamCountry "GER"]

1. d4 Nf6 2. c4 e6 3. Nc3 Bb4 4. Qc2 0-0 5. a3 Bxc3+ 6. Qxc3 d5 7. Bg5 dxc4 8. e3 b5 9. a4 c6 10. Be2 Bb7 11. Bf3 a6 12. Ne2 Nbd7 13. 0-0 h6 14. Bh4 g5 15. Bg3 g4 16. Bxg4 Nxg4 17. e4 c5 18. Bd6 Re8 19. Qh3 Qg5 20. Ra3 Bxe4 21. Rg3 f5 22. Bf4 Qf6 23. f3 Bd3 24. Re1 Bxe2 25. Rxe2 Qxd4+ 26. Rf2 Qxf2+ 0-1

[Event "GER-ch U18 Girls"]
[Site "Willingen"]
[Date "2018.05.22"]
[Round "4"]
[White "Giede, Anna Blume"]
[Black "Ratay, Meike"]
[Result "1/2-1/2"]
[WhiteElo "1542"]
[BlackElo "1857"]
[PlyCount "40"]
[EventDate "2018.05.19"]
[EventType "swiss"]
[EventRounds "9"]
[EventCountry "GER"]
[SourceTitle "CBM 184 Extra"]
[Source "ChessBase"]
[SourceDate "2018.06.28"]
[SourceVersion "1"]
[SourceVersionDate "2018.06.28"]
[SourceQuality "1"]

1. d4 Nf6 2. Nf3 e6 3. e3 b6 4. c4 Bb7 5. Be2 Be7 6. Nc3 0-0 7. 0-0 d5 8. b3 Nbd7 9. Bb2 c5 10. Rc1 Rc8 11. cxd5 Nxd5 12. Nxd5 Bxd5 13. Nd2 Bc6 14. Bf3 b5 15. Bxc6 Rxc6 16. Ne4 Qc7 17. dxc5 Nxc5 18. Qg4 e5 19. Nxc5 Bxc5 20. Qe4 Rc8 1/2-1/2

[Event "GER-ch U18 Girls"]
[Site "Willingen"]
[Date "2018.05.21"]
[Round "3"]
[White "Ratay, Meike"]
[Black "Ley, Sabrina"]
[Result "0-1"]
[WhiteElo "1857"]
[BlackElo "1929"]
[PlyCount "92"]
[EventDate "2018.05.19"]
[EventType "swiss"]
[EventRounds "9"]
[EventCountry "GER"]
[SourceTitle "CBM 184 Extra"]
[Source "ChessBase"]
[SourceDate "2018.06.28"]
[SourceVersion "1"]
[SourceVersionDate "2018.06.28"]
[SourceQuality "1"]

1. e4 c5 2. Nf3 d6 3. d4 cxd4 4. Nxd4 Nf6 5. Nc3 a6 6. Be2 e5 7. Nf3 Be7 8. Bg5 Nbd7 9. a4 h6 10. Be3 Qc7 11. Nd2 Nc5 12. 0-0 0-0 13. a5 Qc6 14. Bf3 Be6 15. Qe2 Rac8 16. Rfc1 Rfd8 17. Bxc5 dxc5 18. Nf1 c4 19. Ne3 Bc5 20. Ned5 Bxd5 21. exd5 Qc7 22. Ra4 Bd4 23. Rd1 Qc5 24. Qe1 Re8 25. Be2 Bxc3 26. Qxc3 Ne4 27. Qe3 Qxe3 28. fxe3 Nd6 29. Rda1 Rc5 30. R1a3 Rec8 31. Rc3 Rxd5 32. Bxc4 Nxc4 33. Raxc4 Rxc4 34. Rxc4 Rxa5 35. Rc8+ Kh7 36. Rc7 Rb5 37. b3 Kg6 38. Kf2 Kf6 39. e4 Ke6 40. Ke3 Rb6 41. Kd3 Rd6+ 42. Kc4 Rc6+ 43. Rxc6+ bxc6 44. Kc5 f5 45. exf5+ Kxf5 46. Kc4 Ke4 0-1

[Event "GER-ch U18 Girls"]
[Site "Willingen"]
[Date "2018.05.20"]
[Round "1"]
[White "Ratay, Meike"]
[Black "Rogozenco, Teodora Nana"]
[Result "0-1"]
[WhiteElo "1857"]
[BlackElo "2083"]
[PlyCount "66"]
[EventDate "2018.05.19"]
[EventType "swiss"]
[EventRounds "9"]
[EventCountry "GER"]
[SourceTitle "CBM 184 Extra"]
[Source "ChessBase"]
[SourceDate "2018.06.28"]
[SourceVersion "1"]
[SourceVersionDate "2018.06.28"]
[SourceQuality "1"]

1. e4 e5 2. Nf3 Nc6 3. Bb5 a6 4. Bxc6 dxc6 5. 0-0 Qf6 6. d4 exd4 7. Qxd4 Qxd4 8. Nxd4 Bd7 9. Be3 0-0-0 10. Nd2 g6 11. c3 Bg7 12. Nc4 Re8 13. Nd2 Nh6 14. f3 f5 15. Rfe1 c5 16. Ne2 b6 17. Nf4 Nf7 18. exf5 Bxf5 19. Nc4 Kb7 20. Rad1 Kc6 21. Kf2 Rhf8 22. h4 h6 23. g4 Bxg4 24. Nxg6 Bxf3 25. Rc1 Bd5 26. Nxf8 Rxf8 27. Nd2 Ne5+ 28. Ke2 Be6 29. Bg1 h5 30. Ne4 Bc4+ 31. Ke3 Nd3 32. Rf1 Nxc1 33. Rxc1 Bxa2 0-1

[Event "Erfurt HT op 27th"]
[Site "Erfurt"]
[Date "2017.12.27"]
[Round "2"]
[White "Bonacic, Jascha"]
[Black "Ratay, Meike"]
[Result "1-0"]
[WhiteElo "1980"]
[BlackElo "1816"]
[PlyCount "89"]
[EventDate "2017.12.26"]
[EventType "swiss"]
[EventRounds "8"]
[EventCountry "GER"]
[SourceTitle "CBM 182 Extra"]
[Source "ChessBase"]
[SourceDate "2018.02.23"]
[SourceVersion "1"]
[SourceVersionDate "2018.02.23"]
[SourceQuality "1"]

1. e4 e5 2. Nf3 Nc6 3. Bc4 Bc5 4. d3 Nf6 5. Bb3 h6 6. c3 d6 7. 0-0 0-0 8. Nbd2 Ne7 9. Re1 Ng6 10. Nf1 Re8 11. Ng3 Bb6 12. Be3 c6 13. Qe2 d5 14. Rad1 Qc7 15. Nf5 Bd7 16. N3h4 Nxh4 17. Nxh4 Rad8 18. h3 d4 19. Bc1 Qd6 20. Rf1 dxc3 21. bxc3 Nh7 22. Kh1 Qf6 23. Nf3 Be6 24. Nd2 Ng5 25. Nc4 Bxc4 26. Bxc4 Ne6 27. f4 Nxf4 28. Bxf4 exf4 29. d4 c5 30. e5 Qg5 31. Qe4 Re7 32. Rxf4 cxd4 33. cxd4 Rxe5 34. Qf3 Re7 35. Rf1 Rxd4 36. Rxf7 Rxc4 37. Rxe7 Qxe7 38. Qd5+ Kh8 39. Qxc4 Bc7 40. Rf7 Qe1+ 41. Qf1 Qxf1+ 42. Rxf1 Kg8 43. Rd1 b5 44. Rd7 Bb6 45. Rd5 1-0

[Event "GER-chT Lands U20"]
[Site "Hannover"]
[Date "2017.10.04"]
[Round "7.5"]
[White "Ratay, Meike"]
[Black "Riegel, Arinna"]
[Result "1/2-1/2"]
[WhiteElo "1790"]
[BlackElo "1883"]
[PlyCount "62"]
[EventDate "2017.09.29"]
[EventType "team-swiss"]
[EventRounds "7"]
[EventCountry "GER"]
[SourceTitle "EXT 2018"]
[Source "ChessBase"]
[SourceDate "2017.10.13"]
[SourceVersion "1"]
[SourceVersionDate "2017.10.13"]
[SourceQuality "1"]
[WhiteTeam "Thueringen U20"]
[BlackTeam "Baden U20 II"]
[WhiteTeamCountry "GER"]
[BlackTeamCountry "GER"]

1. e4 d5 2. exd5 Qxd5 3. Nc3 Qd6 4. d4 Nf6 5. Nf3 c6 6. Ne5 Nbd7 7. Nc4 Qc7 8. Qf3 Nb6 9. Bf4 Qd8 10. Be5 Nbd5 11. h3 Nxc3 12. Qxc3 Bf5 13. 0-0-0 Nd5 14. Qd2 e6 15. c3 Be7 16. Bd3 Bg5 17. Ne3 Bxd3 18. Qxd3 Bf6 19. Nc4 0-0 20. Kb1 Be7 21. Rhe1 b5 22. Ne3 Nxe3 23. Qxe3 Bd6 24. Qg3 Bxe5 25. Rxe5 Qf6 26. Rd3 Rfd8 27. Rf3 Qg6+ 28. Qxg6 hxg6 29. Kc2 Rd5 30. Rxd5 cxd5 31. Rd3 Kf8 1/2-1/2

[Event "GER-chT Federal Cup (Women)"]
[Site "Braunfels"]
[Date "2017.06.16"]
[Round "2.3"]
[White "Ramm, Madlen"]
[Black "Ratay, Meike"]
[Result "1/2-1/2"]
[WhiteElo "1731"]
[BlackElo "1767"]
[PlyCount "61"]
[EventDate "2017.06.15"]
[EventType "team-swiss"]
[EventRounds "5"]
[EventCountry "GER"]
[SourceTitle "CBM 179 Extra"]
[Source "ChessBase"]
[SourceDate "2017.08.23"]
[SourceVersion "1"]
[SourceVersionDate "2017.08.23"]
[SourceQuality "1"]
[WhiteTeam "Saarland (W)"]
[BlackTeam "Thueringen (W)"]
[WhiteTeamCountry "GER"]
[BlackTeamCountry "GER"]

1. e4 e5 2. d4 exd4 3. Qxd4 Nc6 4. Qe3 Bb4+ 5. Nc3 Nf6 6. Bd2 0-0 7. 0-0-0 Re8 8. Bc4 Bxc3 9. Bxc3 Nxe4 10. Qf4 Nf6 11. Nf3 d6 12. Ng5 Be6 13. Nxe6 fxe6 14. Rhe1 d5 15. Qg3 Qd6 16. Qg5 Qf8 17. Bd3 d4 18. Bd2 e5 19. f3 Qf7 20. Kb1 Qh5 21. Bc4+ Kh8 22. Qxh5 Nxh5 23. Bf7 Nf6 24. Bxe8 Rxe8 25. c3 Rd8 26. cxd4 exd4 27. Bg5 Kg8 28. Bxf6 gxf6 29. Re4 Kf7 30. a3 Rd5 31. Kc2 1/2-1/2

[Event "GER-ch U16 Girls"]
[Site "Willingen"]
[Date "2017.06.08"]
[Round "7"]
[White "Walow, Xenia"]
[Black "Ratay, Meike"]
[Result "0-1"]
[WhiteElo "1732"]
[BlackElo "1863"]
[PlyCount "90"]
[EventDate "2017.06.04"]
[EventType "swiss"]
[EventRounds "9"]
[EventCountry "GER"]
[SourceTitle "CBM 178 Extra"]
[Source "ChessBase"]
[SourceDate "2017.06.22"]
[SourceVersion "1"]
[SourceVersionDate "2017.06.22"]
[SourceQuality "1"]

1. e4 e5 2. Nf3 Nc6 3. Bb5 Nge7 4. c3 g6 5. d3 Bg7 6. 0-0 0-0 7. Nbd2 d6 8. Re1 Kh8 9. Nf1 f5 10. Ba4 h6 11. Bd2 f4 12. Qe2 g5 13. Kh1 Ng6 14. Rad1 g4 15. Ng1 f3 16. gxf3 gxf3 17. Qe3 Nh4 18. Bc1 Ng2 19. Qd2 Nxe1 20. Qxe1 Qh4 21. Ng3 Bh3 22. Nxh3 Qxh3 23. Qf1 Qxf1+ 24. Rxf1 Ne7 25. Rg1 Kh7 26. Bb3 Rf6 27. Bd1 Raf8 28. Be3 Rg6 29. a3 b6 30. Bc1 c6 31. Be3 d5 32. h3 c5 33. Bc1 b5 34. Be3 d4 35. cxd4 exd4 36. Bd2 Nc6 37. b3 Ne5 38. Bc2 Bf6 39. Bf4 Re8 40. Rc1 Bg5 41. Nh5 Bxf4 42. Nxf4 Ra6 43. a4 bxa4 44. bxa4 Rb8 45. Nd5 Rb2 0-1

[Event "GER-ch U16 Girls"]
[Site "Willingen"]
[Date "2017.06.05"]
[Round "3"]
[White "Ratay, Meike"]
[Black "Mundt, Alexandra"]
[Result "1-0"]
[WhiteElo "1863"]
[BlackElo "1580"]
[PlyCount "87"]
[EventDate "2017.06.04"]
[EventType "swiss"]
[EventRounds "9"]
[EventCountry "GER"]
[SourceTitle "CBM 178 Extra"]
[Source "ChessBase"]
[SourceDate "2017.06.22"]
[SourceVersion "1"]
[SourceVersionDate "2017.06.22"]
[SourceQuality "1"]

1. e4 e5 2. Nf3 Nc6 3. Bc4 Bc5 4. c3 Nf6 5. d4 exd4 6. 0-0 Nxe4 7. cxd4 Bb6 8. d5 Ne7 9. Qe2 Nd6 10. Bd3 0-0 11. Bxh7+ Kh8 12. Qe5 Ndf5 13. Bxf5 Nxf5 14. Qxf5 d6 15. Qh5+ Kg8 16. Nc3 Bd7 17. b3 Qf6 18. Bb2 Qd8 19. Na4 c6 20. Nxb6 axb6 21. Rfe1 Ra5 22. Red1 Qe7 23. b4 Rb5 24. Bc3 Qd8 25. a4 Rxd5 26. Rxd5 cxd5 27. Qxd5 Bc6 28. Qh5 Bxf3 29. Qxf3 Qc7 30. Bd4 Rc8 31. g3 f6 32. Qd5+ Kf8 33. Qb5 Qe7 34. Bxb6 Kf7 35. Rd1 Rc6 36. a5 Qd7 37. Qd5+ Kf8 38. b5 Rc2 39. Qxd6+ Qxd6 40. Rxd6 Ke7 41. Rd8 Rb2 42. Rb8 Rxb5 43. Rxb7+ Kf8 44. a6 1-0

[Event "GER-ch U16 Girls"]
[Site "Willingen"]
[Date "2017.06.04"]
[Round "1"]
[White "Ratay, Meike"]
[Black "Kolb, Verena"]
[Result "1-0"]
[WhiteElo "1863"]
[BlackElo "1674"]
[PlyCount "63"]
[EventDate "2017.06.04"]
[EventType "swiss"]
[EventRounds "9"]
[EventCountry "GER"]
[SourceTitle "CBM 178 Extra"]
[Source "ChessBase"]
[SourceDate "2017.06.22"]
[SourceVersion "1"]
[SourceVersionDate "2017.06.22"]
[SourceQuality "1"]

1. e4 e6 2. d4 d5 3. e5 c5 4. c3 Nc6 5. Nf3 Qb6 6. a3 a5 7. Bd3 f6 8. exf6 Nxf6 9. 0-0 Bd6 10. Re1 0-0 11. Ra2 Bd7 12. Ne5 cxd4 13. Nxd7 Nxd7 14. Rxe6 dxc3 15. bxc3 Qc7 16. Qh5 Nf6 17. Qh3 Ne5 18. Bc2 Neg4 19. Bxh7+ Nxh7 20. Qxg4 Bxh2+ 21. Kh1 Be5 22. Rc2 Rae8 23. Rxe8 Rxe8 24. f4 Nf6 25. Qf5 Bxf4 26. Bxf4 Re1+ 27. Kh2 Qc4 28. Nd2 Qe2 29. Qc8+ Kh7 30. Qh3+ Kg8 31. Qf3 Ng4+ 32. Kg3 1-0